000
00238nam a2200097Ia 4500
001
712172
005
20250826162822.0
008
250824s9999 xx 000 0 und d
245
0
_a
HİKAYELER 4
_c
ÖMER SEYFETTİN
260
_b
DERGAH YAYINLARI
999
_c
712172
_d
712172